Kutatási képességek online vizsgálata középiskolás diákok körében

Elmentve itt :
Bibliográfiai részletek
Szerző: Gyenes Tamás
További közreműködők: Pásztor Attila (Témavezető)
Sós Katalin (Témavezető)
Dokumentumtípus: Szakdolgozat
Megjelent: 2015
Tárgyszavak:
Online Access:http://diploma.bibl.u-szeged.hu/59985
LEADER 00764nta a2200193 i 4500
001 dipl59985
005 20190214130346.0
008 161025s2015 hu om 0|| zxx d
040 |a SZTE Diploma Repozitórium  |b hun 
041 |a zxx 
100 1 |a Gyenes Tamás 
245 1 0 |a Kutatási képességek online vizsgálata középiskolás diákok körében  |h [elektronikus dokumentum] /  |c Tamás Gyenes 
246 1 0 |a Online assessment of inquiry skills among high school students  |h [elektronikus dokumentum] 
260 |c 2015 
650 4 |a Természettudományok 
650 4 |a Natural sciences 
700 0 1 |a Pásztor Attila  |e ths 
700 0 1 |a Sós Katalin  |e ths 
856 4 0 |u https://diploma.bibl.u-szeged.hu/id/eprint/59985/1/2016_Gyenes_Tam%C3%A1s_GYTTAAT_SZE_SZ.pdf  |z Dokumentum-elérés